Introduction To Artificial Intelligence Data Science (Record no. 38013)

MARC details
000 -LEADER
fixed length control field 00344nam a22001457a 4500
082 ## - DEWEY DECIMAL CLASSIFICATION NUMBER
Classification number 006.3 JYO
100 ## - MAIN ENTRY--AUTHOR NAME
Personal name Jyothi T J
245 ## - TITLE STATEMENT
Title Introduction To Artificial Intelligence Data Science
250 ## - EDITION STATEMENT
Edition statement 1
260 ## - PUBLICATION, DISTRIBUTION, ETC. (IMPRINT)
Name of publisher Owl Books
Place of publication Trivandrum
Year of publication 2025
546 ## - LANGUAGE NOTE
Language note English
650 ## - SUBJECT ADDED ENTRY--TOPICAL TERM
Topical Term AIML
942 ## - ADDED ENTRY ELEMENTS (KOHA)
Koha item type Text Book
952 ## - LOCATION AND ITEM INFORMATION (KOHA)
Damaged status
Not for loan
952 ## - LOCATION AND ITEM INFORMATION (KOHA)
Damaged status
Not for loan
Holdings
Withdrawn status Collection code Permanent Location Current Location Shelving location Date acquired Source of acquisition Cost, normal purchase price Inventory number Full call number Accession Number Price effective from Koha item type
  Artificial Intelligence & Machine Learning Engineering VAST Central Library VAST Central Library S-23/CS 14/11/2025 Minerva Books 350.00 85 006.3 JYO 37871 19/11/2025 Text Book
  Artificial Intelligence & Machine Learning Engineering VAST Central Library VAST Central Library S-23/CS 14/11/2025 Minerva Books 350.00 85 006.3 JYO 37872 19/11/2025 Text Book